=LDR 00000nam 2200000 4500 =001 INLIS000000000014790 =005 20130612110052 =008 ***********************************Ind** =035 ##$$0010-061300000014790 =041 ##$$a Ind =082 ##$$a 616.8 =090 ##$$a 616.8, Rog e =100 ##$$a Rogers, Tim =245 ##$$a Essentials, Responding to stress = mengatasi stress, Tim Rogers, Fiona Graham; alih bahasa, Kusnandar =260 ##$$a 2004 $b Jakarta =300 ##$$a vi, 124 hlm, 18 cm =650 ##$$a Gangguan mental =700 ##$$a Graham, Fiona =850 ##$$a NBPNMAT